Music Quiz

Random Music or Artist Quiz

Artists with Parallel #1 Song & Album Quiz Stats

 Plays Quiz Updated Feb 14, 2018

Challenge
Share
Tweet
Embed
Score 0/180 Timer 15:00
2 Plays Today
Album Artist % Correct
ThrillerMichael Jackson
97.2%
ThrillerMichael Jackson
97.2%
ThrillerMichael Jackson
97.1%
DangerousMichael Jackson
97.1%
Meet [ARTIST]The Beatles
96.9%
Meet [ARTIST]The Beatles
96.9%
Meet [ARTIST]The Beatles
96.9%
[ARTIST]'s Second AlbumThe Beatles
96.9%
A Hard Day's Night (Soundtrack)The Beatles
96.9%
[ARTIST] '65The Beatles
96.9%
Help! (Soundtrack)The Beatles
96.9%
Help! (Soundtrack)The Beatles
96.9%
Rubber SoulThe Beatles
96.9%
Sgt. Pepper's Lonely Hearts Club BandThe Beatles
96.9%
Magical Mystery TourThe Beatles
96.9%
Abbey RoadThe Beatles
96.9%
Let It BeThe Beatles
96.9%
[ARTIST]Elvis Presley
93.7%
Loving You (Soundtrack)Elvis Presley
93.7%
[ARTIST]'s Christmas AlbumElvis Presley
93.7%
G.I. Blues (Soundtrack)Elvis Presley
93.7%
Blue Hawaii (Soundtrack)Elvis Presley
93.7%
True BlueMadonna
91.6%
Like a PrayerMadonna
91.6%
MusicMadonna
91.6%
[ARTIST]'s Rhythm Nation 1814Janet Jackson
90%
[ARTIST'S FIRST NAME].Janet Jackson
90%
All for YouJanet Jackson
90%
Purple Rain (Soundtrack)Prince
87.3%
Purple Rain (Soundtrack)Prince & The Revolution
87.3%
Batman (Soundtrack)Prince
87.3%
25Adele
85.7%
Slippery When WetBon Jovi
85.5%
Make It BigWham!
85%
One of These NightsEagles
84.9%
Hotel CaliforniaEagles
84.9%
The Long RunEagles
84.9%
[ARTIST]Whitney Houston
83.6%
[ARTIST'S FIRST NAME]Whitney Houston
83.6%
The Bodyguard (soundtrack)Whitney Houston
83.6%
...Baby One More TimeBritney Spears
83.3%
The Joshua TreeU2
83%
FaithGeorge Michael
82.9%
FaithGeorge Michael
82.9%
Saturday Night Fever (Soundtrack)Bee Gees
82.1%
Saturday Night Fever (Soundtrack)Bee Gees
82.1%
Spirits Having FlownBee Gees
82.1%
No SecretsCarly Simon
82.1%
SynchronicityThe Police
81.9%
21Adele
80.6%
21Adele
80.6%
Red Rose SpeedwayPaul McCartney & Wings
78.4%
Band on the RunPaul McCartney & Wings
78.4%
Venus & MarsWings
78.4%
[ARTIST] At the Speed of SoundWings
78.4%
Tug of WarPaul McCartney
78.4%
[ARTIST]The Monkees
78.2%
More of [ARTIST]The Monkees
78.2%
Pisces, Aquarius, Capricorn & Jones Ltd.The Monkees
78.2%
Sticky FingersThe Rolling Stones
78.1%
Album Artist % Correct
Goat's Head SoupThe Rolling Stones
78.1%
The GameQueen
77.9%
BookendsSimon & Garfunkel
77.5%
The Graduate (Soundtrack)Simon & Garfunkel
77.5%
Bridge Over Troubled WaterSimon & Garfunkel
77.5%
1989Taylor Swift
77.2%
1989Taylor Swift
77.2%
FutureSex/LoveSoundsJustin Timberlake
77.2%
The E.N.D.The Black Eyed Peas
77%
The E.N.D.The Black Eyed Peas
77%
The WallPink Floyd
75.9%
Glass HousesBilly Joel
75.6%
Storm FrontBilly Joel
75.6%
Every Picture Tells a StoryRod Stewart
75%
Blondes Have More FunRod Stewart
75%
[ARTIST]Ricky Martin
74.7%
[ARTIST]Mariah Carey
72.6%
Music BoxMariah Carey
72.6%
DaydreamMariah Carey
72.6%
DaydreamMariah Carey
72.6%
The Emancipation of MimiMariah Carey
72.6%
No Jacket RequiredPhil Collins
70.7%
No Jacket RequiredPhil Collins
70.7%
...But SeriouslyPhil Collins
70.7%
Late RegistrationKanye West
69.9%
GraduationKanye West
69.9%
Dangerously in LoveBeyoncé
69.9%
J to tha L-O: The RemixesJennifer Lopez
69.7%
Get Rich or Die Tryin'50 Cent
69.5%
The Massacre50 Cent
69.4%
Speakerboxxx/The Love BelowOutKast
67.3%
[ARTIST]'s Greatest HitsElton John
66.6%
Rock of the WestiesElton John
66.6%
American PieDon McLean
66.3%
Double FantasyJohn Lennon
65.4%
Walls and BridgesJohn Lennon
65.2%
I Do Not Want What I Haven't GotSinéad O'Connor
65.2%
[ARTIST]villeNelly
65%
[ARTIST]villeNelly
65%
Paper TrailT. I.
65%
AnimalKe$ha
64.4%
Brothers in ArmsDire Straits
63.8%
American FoolJohn Cougar
63.8%
AntiRihanna
63.2%
Blurred LinesRobin Thicke
63.1%
RecoveryEminem
62.2%
RumoursFleetwood Mac
62%
UnapologeticRihanna
61.8%
SupernaturalSantana
60.8%
ConfessionsUsher
60.6%
ConfessionsUsher
60.6%
Business as UsualMen at Work
58.8%
÷Ed Sheeran
58.6%
PearlJanis Joplin
58.3%
Can't Slow DownLionel Richie
58.1%
All Things Must PassGeorge Harrison
57.2%
Living in the Material WorldGeorge Harrison
57.2%
HarvestNeil Young
55%
II Boyz II Men
54.5%
[ARTIST]America
53.3%
Album Artist % Correct
Forever Your GirlPaula Abdul
51.7%
SpellboundPaula Abdul
51.7%
Merry ChristmasBing Crosby
51%
StarboyThe Weeknd
51%
Get [ARTIST]The Knack
50.7%
Hangin' ToughNew Kids on the Block
49.6%
Step by StepNew Kids on the Block
49.6%
SpiritLeona Lewis
49.6%
If You Can Believe Your Eyes and EarsThe Mamas and The Papas
49%
Live and MoreDonna Summer
48.7%
Bad GirlsDonna Summer
48.7%
Bad GirlsDonna Summer
48.7%
Freeze-FrameThe J. Geils Band
48.6%
The SignAce of Base
48.5%
Recorded Live: The 12-Year Old GeniusLittle Stevie Wonder
47.8%
Beauty Behind the MadnessThe Weeknd
47.5%
Beauty Behind the MadnessThe Weeknd
47.5%
Songs from the Big ChairTears for Fears
46.8%
LooseNelly Furtado
46.5%
Girl You Know It's TrueMilli Vanilli
46.4%
Girl You Know It's TrueMilli Vanilli
46.4%
A Star is Born (Soundtrack)Barbra Streisand
45.3%
GuiltyBarbra Streisand
45.3%
Totally Krossed OutKris Kross
45.1%
TapestryCarole King
44.1%
No Way OutPuff Daddy
42.8%
Mistaken IdentityKim Carnes
42.3%
Hi InfidelityREO Speedwagon
40.9%
There's a Riot Goin' OnSly & The Family Stone
40.4%
Third StageBoston
36.5%
As I AmAlicia Keys
35.9%
We are the WorldUSA for Africa
35.3%
DAMN.Kendrick Lamar
34.4%
[ARTIST]'s Greatest HitsKenny Rogers
34%
Life After DeathThe Notorious B.I.G.
33.7%
CamilaCamila Cabello
33.1%
The Best Damn ThingAvril Lavigne
32.7%
[ARTIST]'s Greatest HitsJohn Denver
32.5%
ViewsDrake
31.9%
If You Love Me, Let Me KnowOlivia Newton-John
31.3%
Minute by MinuteThe Doobie Brothers
30.9%
First TakeRoberta Flack
28.9%
Chariots of Fire (Soundtrack)Vangelis
28.9%
That's The Way of The World (Soundtrack)Earth, Wind & Fire
28%
Roll With ItSteve Winwood
26.9%
Welcome to the Real WorldMr. Mister
26.6%
The Raw & The CookedFine Young Cannibals
26.5%
Heart Like a WheelLinda Ronstadt
26%
Hot ShotShaggy
25.5%
Electric YouthDebbie Gibson
25.1%
Modern Sounds in Country & Western MusicRay Charles
22.2%
SundownGordon Lightfoot
21.9%
In My Own WordsNe-Yo
17.4%
Pain is LoveJa Rule
17%
[ARTIST]Ashanti
15.4%
[ARTIST]The Singing Nun
11.8%
Ballad of the Green BeretsSSgt. Barry Sadler
11.1%
FireOhio Players
9.9%
Blooming HitsPaul Mauriat
5.5%
On the MoonbeamVaughn Monroe
2.6%

You're not logged in!

Compare scores with friends on all Sporcle quizzes.
Join for Free
OR
Log In

You Might Also Like...

Show Comments

Extras

Top Quizzes Today


Score Distribution

Your Account Isn't Verified!

In order to create a playlist on Sporcle, you need to verify the email address you used during registration. Go to your Sporcle Settings to finish the process.

Report this User

Report this user for behavior that violates our Community Guidelines.

Details: